Το ειδώλιο / (Record no. 10035)
[ view plain ]
| 000 -LEADER | |
|---|---|
| fixed length control field | 02885nam a22002777a 4500 |
| 003 - ΤΑΥΤΟΤΗΤΑ ΤΟΥ ΑΡΙΘΜΟΥ ΕΛΕΓΧΟΥ | |
| Πεδίο ελέγχου | GR-AtMCL |
| 005 - ΗΜΕΡΟΜΗΝΙΑ ΚΑΙ ΩΡΑ ΤΕΛΕΥΤΑΙΑΣ ΕΝΗΜΕΡΩΣΗΣ | |
| Πεδίο ελέγχου | 20260112122650.0 |
| 006 - FIXED-LENGTH DATA ELEMENTS--ADDITIONAL MATERIAL CHARACTERISTICS | |
| Πεδίο ελέγχου σταθερού μήκους | a|||||r||||||||||| |
| 008 - FIXED-LENGTH DATA ELEMENTS--GENERAL INFORMATION | |
| Πεδίο ελέγχου σταθερού μήκους | s2023 gr |||||||||||||||||gre|d |
| 020 ## - ISBN | |
| ISBN | 9786180153576 |
| 040 ## - ΠΗΓΗ ΚΑΤΑΛΟΓΟΓΡΑΦΗΣΗΣ | |
| Φορέας πρωτότυπης καταλογογράφησης | MC Athens Campus Library |
| Γλώσσα καταλογογράφησης | Ελληνικά, Μοντέρνα (1453-) |
| Modifying agency | MC Athens Campus Library |
| 041 1# - ΓΛΩΣΣΑ | |
| Κωδικός γλώσσας πρωτότυπου | Αγγλικά |
| 100 ## - MAIN ENTRY--PERSONAL NAME | |
| Personal name | Hislop, Victoria |
| 9 (RLIN) | 10243 |
| 240 10 - ΟΜΟΙΟΜΟΡΦΟΣ ΤΙΤΛΟΣ | |
| Ομοιόμορφος τίτλος | Figurine. |
| Language of a work | Ελληνικά |
| 245 13 - ΤΙΤΛΟΣ ΚΑΙ ΔΗΛΩΣΗ ΥΠΕΥΘΥΝΟΤΗΤΑΣ | |
| Τίτλος | Το ειδώλιο / |
| Statement of responsibility, etc. | Victoria Hislop ; μετάφραση Φωτεινή Πίπη |
| 250 ## - EDITION STATEMENT | |
| Edition statement | 1η έκδ. |
| 264 #1 - PRODUCTION, PUBLICATION, DISTRIBUTION, MANUFACTURE, AND COPYRIGHT NOTICE | |
| Place of production, publication, distribution, manufacture | Μεταμόρφωση : |
| Name of producer, publisher, distributor, manufacturer | Ψυχογιός, |
| Date of production, publication, distribution, manufacture, or copyright notice | 2023 |
| 300 ## - PHYSICAL DESCRIPTION | |
| Extent | 573 σελ. ; |
| Διαστάσεις | 21 εκ. |
| 500 ## - GENERAL NOTE | |
| Γενική σημείωση | Το κείμενο είναι μεταφρασμένο από τα αγγλικά |
| 520 ## - SUMMARY, ETC. | |
| Summary, etc. | Όταν η Χέλενα κληρονομεί το διαμέρισμα των παππούδων της στην Αθήνα, κυριεύεται από τις αναμνήσεις των καλοκαιριών που είχε περάσει μαζί τους στα παιδικά της χρόνια κατά, την περίοδο της χούντας. Ο σκληρός και απόμακρος παππούς της ήταν στρατηγός στο δικτατορικό καθεστώς και, καθώς η Χέλενα ξεσκαρτάρει τα σκονισμένα δωμάτια, ανακαλύπτει πλήθος πολύτιμων αντικειμένων και αρχαιοτήτων. Πώς κατάφερε ο παππούς της να συγκεντρώσει έναν τέτοιο θησαυρό; Και ποιο ήταν το ανθρώπινο τίμημα;<br/>Η αποφασιστικότητα της Χέλενα να βρει τις απαντήσεις μετατρέπεται σε ενθουσιασμό όταν ο έρωτάς της για τον αινιγματικό Νικ την οδηγεί να εργαστεί εθελοντικά μαζί του σε μια ανασκαφή σε ένα αιγαιοπελαγίτικο νησί. Τα ευρήματά τους θα γιγαντώσουν τη λαχτάρα της να προστατέψει τα αρχαία κειμήλια και να καταλάβει από πού προήλθε η συλλογή του παππού της.<br/>Άθελά της βρίσκεται μπλεγμένη σ’ ένα επικίνδυνο δίκτυο αρχαιοκαπηλίας και αντιμέτωπη με μια προδοσία που θα κλονίσει τον κόσμο της και όλα όσα πίστευε και ένιωθε. Θα μπορέσει να βρει το κουράγιο να συγχωρήσει και να προχωρήσει στη ζωή της; |
| 650 #0 - SUBJECT ADDED ENTRY--TOPICAL TERM | |
| Topical term or geographic name entry element | Αγγλική λογοτεχνία |
| 9 (RLIN) | 10244 |
| 653 ## - INDEX TERM--UNCONTROLLED | |
| Μη ελεγχόμενοι όροι | Λογοτεχνία |
| 700 ## - ΠΡΟΣΘΕΤΗ ΑΝΑΓΡΑΦΗ--ΦΥΣΙΚΟ ΠΡΟΣΩΠΟ | |
| Personal name | Πίπη, Φωτεινή |
| 9 (RLIN) | 10245 |
| Σχέση | Μεταφραστής |
| 942 ## - ADDED ENTRY ELEMENTS (KOHA) | |
| Koha item type | Books |
| Τύπος τεκμηρίου | Βιβλιοθήκη | Τρέχουσα τοποθεσία | Barcode | Αριθμός εισαγωγής | Ημερομηνία απόκτησης | Ταξιθετικό σύμβολο | Αριθμός αντιτύπου | Κατάσταση απόσυρσης | Κατάσταση χαμένου | Κατάσταση κατεστραμμένου | Μη δανεισμός | Σύνολο δανεισμών | Ημερομηνία τελευταίας εμφάνισης | Η τιμή ισχύει από |
|---|---|---|---|---|---|---|---|---|---|---|---|---|---|---|
| Books | MC Athens Campus Library | MC Athens Campus Library | 9780000100436 | 8236 | 12/01/2026 | 823 HIS | 1 | 12/01/2026 | 12/01/2026 |